ដំណាំបន្លែសរីរាង្គ​ / (Record no. 10148)

MARC details
000 -LEADER
fixed length control field 01128nam a22002537a 4500
001 - CONTROL NUMBER
control field 10148
003 - CONTROL NUMBER IDENTIFIER
control field FISKH
005 - DATE AND TIME OF LATEST TRANSACTION
control field 20260427142557.0
008 - FIXED-LENGTH DATA ELEMENTS--GENERAL INFORMATION
fixed length control field 260427b cb ||||| |||| 00| 0 eng d
020 ## - INTERNATIONAL STANDARD BOOK NUMBER
International Standard Book Number 9789924342380
040 ## - CATALOGING SOURCE
Original cataloging agency FISKH
Language of cataloging khr
Transcribing agency FISKH
Modifying agency FISKH
082 ## - DEWEY DECIMAL CLASSIFICATION NUMBER
Classification number 635.0484
100 ## - MAIN ENTRY--PERSONAL NAME
Personal name Yamato Green Farm
245 ## - TITLE STATEMENT
Title ដំណាំបន្លែសរីរាង្គ​ /
Statement of responsibility, etc. By Yamato Green Farm
260 ## - PUBLICATION, DISTRIBUTION, ETC.
Place of publication, distribution, etc. Phnom Penh :
Name of publisher, distributor, etc. Sipar ,
Date of publication, distribution, etc. 2025.
300 ## - PHYSICAL DESCRIPTION
Extent 36 pages :
Other physical details color illustrations ;
Dimensions 21 cm .
490 ## - SERIES STATEMENT
Series statement បំនិនជីវិត
520 ## - SUMMARY, ETC.
Summary, etc. ការដាំបន្លែសរីរាង្គចូលរួមដល់ការធ្វើកសិកម្មប្រកបដោយចីរភាព និងលើកកម្ពស់សុខមាលភាពរបស់មនុស្ស ។​
520 ## - SUMMARY, ETC.
Summary, etc. Organic vegetable cultivation contributes to sustainable agriculture and promotes human well-being.
650 ## - SUBJECT ADDED ENTRY--TOPICAL TERM
Topical term or geographic name entry element បន្លែសរីរាង្គ
650 ## - SUBJECT ADDED ENTRY--TOPICAL TERM
Topical term or geographic name entry element Organic vegetables
700 ## - ADDED ENTRY--PERSONAL NAME
Personal name Sophealeap , Ngek
Relator term Illustrator
942 ## - ADDED ENTRY ELEMENTS (KOHA)
Source of classification or shelving scheme Dewey Decimal Classification
Koha item type Khmer Books
Suppress in OPAC No
Holdings
Withdrawn status Lost status Source of classification or shelving scheme Damaged status Not for loan Collection Home library Current library Shelving location Date acquired Total Checkouts Full call number Barcode Date last seen Copy number Price effective from Koha item type
    Dewey Decimal Classification     Khmer Language Books / សៀវភៅភាសាខ្មែរ Footprints International School Library Network Toul Tom Poung Campus Footprints International School Library Network Toul Tom Poung Campus TTP Secondary Khmer Bookshelves 04/27/2026   YAM 635.0484 2026-0544 04/27/2026 1 04/27/2026 Khmer Books
    Dewey Decimal Classification     Khmer Language Books / សៀវភៅភាសាខ្មែរ Footprints International School Library Network Toul Tom Poung Campus Footprints International School Library Network Toul Tom Poung Campus TTP Secondary Khmer Bookshelves 04/27/2026   YAM 635.0484 2026-0545 04/27/2026 2 04/27/2026 Khmer Books